000 00831nam a2200277 i 4500
001 000034310
003 DO-SdBNP
005 20250122113743.0
007 ta
008 111003e1982 dr a er 001 0 spa d
040 _aDO-SdBNP
_bspa
_cBNPHU
_erda
082 4 _222
_bH557m
100 1 _aHernández, Edith
_eautor
_959742
245 1 0 _aManual de estética musical /
_cEdith Hernández.
264 _aSanto Domingo :
_bTaller,
_c1982.
300 _a269 páginas :
_bilusstraciones ;
_c24 cm.
336 _2rdacontent
_atexto
_btxt
337 _2rdamedia
_asin mediación
_bn
338 _2rdacarrier
_avolumen
_bnc
500 _aIncluye notas al pie de las páginas
590 _aInventariado 2021 / MF
650 4 _aEstética musical
_914356
650 4 _aMúsica
_xHistoria
_957831
910 _aBtavárez
942 _2ddc
_cLBS1
999 _c33801
_d33801